LEADER 01279nam a2200265 i 4500 001 000000139053 003 CaOOAMICUS 005 20251001152442.0 008 050517s1986 it u000 u ita u 040 $aSeMil$bita 100 1 $aManzoni, Alessandro,$d<1785-1873>.$0(OLS)http://semarc/name/1162 245 12$aI promessi sposi :$bstoria milanese del secolo 17. /$cscoperta e rifatta da Alessandro Manzoni ; prefazione di Alfredo Galletti ; testo a cura di Domenico Bulferetti, con una nota critica. 260 $aNovara :$bIstituto Geografico De Agostini,$cstampa 1986. 300 $a732 p. :$briccamente ill. ;$c35 cm. 500 $aIn custodia 650 4$aManzoni, Alessandro <1785-1873> . Promessi sposi.$0(OLS)http://semarc/subject/15533 700 1 $aBulferetti, Domenico.$0(OLS)http://semarc/name/30759 700 1 $aGalletti, Alfredo.$0(OLS)http://semarc/name/6724 850 $aSeMil 852 $aSeMil$W1$xVenegono$y1$m1.SOVR III 1$j262612$B92492$CSeMilBibl$Z2$F97703 $81 941 1 $a4 961 $aOmaggio: Martini Card. Carlo Maria 996 $6245$aI promessi sposi :$bstoria milanese del secolo 17.$9(OLS)http://semarc/title/33659 996 $6260$aNovara :$bIstituto Geografico De Agostini$9(OLS)http://semarc/publisher/31865 LEADER 01516nam a2200301 i 4500 001 000000171761 003 CaOOAMICUS 005 20080512000000.0 008 080512s2008 it u000 u ita u 013 $a149193 020 $a978-88-498-1902-1 040 $aSeMil$bita 100 1 $aCarioti, Alessandro <1964- >.$0(OLS)http://semarc/name/64244 245 13$aLa missione salvifica della Chiesa :$bi fondamenti teologici della Dichiarazione «Dominus Iesus» nel magistero del Concilio Vaticano 2. /$cAlessandro Carioti. 260 $aSoveria Mannelli :$bRubbettino,$c2008. 300 $a241 p. ;$c24 cm. 490 0 $aVerbum ;$v4 500 $aContiene : Bibliografia generale. - Dono del Card. Dionigi Tettamanzi. 650 4$aConcilio Vaticano II <1962-1965> - Ecclesiologia.$0(OLS)http://semarc/subject/3017 650 4$aConcilio Vaticano II <1962-1965> - Dichiarazioni . Dominus Iesus.$0(OLS)http://semarc/subject/32699 830 0$aVerbum ;$v4.$0(OLS)http://semarc/title/23043 850 $aSeMil 852 $aSeMil$W1$xVenegono$y1$m2B IV 76$j122625$B122625$CSeMilBibl$Z2$F134099 $81 941 1 $a5 961 $aOmaggio: Tettamanzi Card. Dionigi 996 $6020$a978-88-498-1902-1$9(OLS)http://semarc/number/158968 996 $6245$aLa missione salvifica della Chiesa :$bi fondamenti teologici della Dichiarazione «Dominus Iesus» nel magistero del Concilio Vaticano 2.$9(OLS)http://semarc/title/245791 996 $6260$aSoveria Mannelli :$bRubbettino$9(OLS)http://semarc/publisher/32145